Plan de desarrollo económico y social 1968-1972
Resumen de las metas y políticas del plan de desarrollo económico y social 1968-1972.--Sección segunda. Estructura de la economía salvadoreña. Políticas, objetivos y metodología del plan de desarrollo. Apendice estadístico.--Sección tercera. Programa de inversiones públicas del plan de desarrollo ec...
Guardado en:
| Institution som forfatter: | |
|---|---|
| Format: | Texto |
| Sprog: | Spanish |
| Udgivet: |
San Salvador:
Consejo Nacional de Planificación y Coordinación Económica
|
| Fag: | |
| Tags: |
Tilføj Tag
Ingen Tags, Vær først til at tagge denne postø!
|
MARC
| LEADER | 00000 a a2200000 04500 | ||
|---|---|---|---|
| 001 | 21377 | ||
| 003 | cru CIDCACS/IIS | ||
| 005 | 20210525174210.0 | ||
| 008 | 210525b |||||||| |||| 00| 0 spa d | ||
| 040 | |c CIDCACS/IIS | ||
| 090 | |a 02.01.02 E49p | ||
| 110 | |a El Salvador. Consejo Nacional de Planificación y Coordinación Económica | ||
| 245 | |a Plan de desarrollo económico y social 1968-1972 | ||
| 260 | |a San Salvador: |b Consejo Nacional de Planificación y Coordinación Económica | ||
| 300 | |a 200 páginas |b tablas, gráficos |c 25cm | ||
| 500 | |a OJO CLASIFICACION ANTERIOR 093900 | ||
| 520 | 3 | |a Resumen de las metas y políticas del plan de desarrollo económico y social 1968-1972.--Sección segunda. Estructura de la economía salvadoreña. Políticas, objetivos y metodología del plan de desarrollo. Apendice estadístico.--Sección tercera. Programa de inversiones públicas del plan de desarrollo económico y social 1968-1972 | |
| 650 | 4 | |9 2655 |a POLITICA ECONOMICA |0 TESAUROS |2 OCDE | |
| 650 | 0 | |9 289 |a POLITICA SOCIAL |0 TESAUROS |2 OCDE | |
| 650 | 0 | |9 533 |a CONDICIONES SOCIALES |0 TESAUROS |2 OCDE | |
| 651 | 4 | |9 1928 |a EL SALVADOR | |
| 942 | |2 ddc |c LI |h 02.01.02 E49p |6 020102_E49P | ||
| 999 | |c 13341 |d 13341 | ||
